|
|
|
|
| LEADER |
00000nab a2200000 a 4500 |
| 001 |
vtls009333287 |
| 003 |
SK-MaSNL |
| 005 |
20260304181146.0 |
| 008 |
140515c1964 xo |r|p||||||||00 ||slo |
| 015 |
|
|
|a SNBRB2008/09
|2 snkbucl
|
| 038 |
|
|
|a SNKBUCL
|
| 040 |
|
|
|a SNKBUCL
|b slo
|c SNKBUCL
|e AACR2
|
| 041 |
0 |
|
|a slo
|
| 044 |
|
|
|a xo
|c SK
|
| 080 |
|
|
|a 82.0:821.162.4
|x "18"
|2 2001
|
| 080 |
|
|
|a 82.02:821.162.4
|2 2001
|
| 080 |
|
|
|a 821.162.4
|x "18"
|2 2001
|
| 100 |
1 |
|
|a Kraus, Cyril,
|d 1928-2012
|4 aut
|9 14532
|
| 245 |
1 |
0 |
|a Integračné a diferenciačné tendencie v štúrovskej koncepcii literatúry
|c Cyril Kraus
|
| 300 |
|
|
|b Fotogr.
|
| 648 |
|
7 |
|a 19. stor.
|2 snkbucl
|9 278793
|
| 650 |
0 |
7 |
|a slovenská literatúra
|2 snkbucl
|9 1115
|
| 650 |
0 |
7 |
|a romantizmus (literatúra)
|2 snkbucl
|9 1679
|
| 650 |
0 |
7 |
|a štúrovci
|2 snkbucl
|9 59026
|
| 655 |
|
7 |
|a štúdie
|2 snkbucl
|9 57033
|
| 773 |
0 |
|
|t Slovenská literatúra
|d Roč. XI, č. 6 (1964), s. 574-585
|
| 852 |
|
|
|a SNK
|b KIS3GCP
|
| 958 |
|
|
|a LX
|
| 958 |
|
|
|a PBCK20008
|
| 999 |
|
|
|c 3022213
|d 3024143
|